| 000 | 00356nam a22001457a 4500 | ||
|---|---|---|---|
| 008 | 250402b |||||||| |||| 00| 0 eng d | ||
| 020 | _a9780750667474 | ||
| 050 |
_aHD69 _b.C44 |
||
| 100 | _aCHERNATONY Leslie | ||
| 245 | _aFrom Brand Vision to Brand Evaluation | ||
| 250 | _a2 | ||
| 260 |
_aOxford UK. _bElsevier _c2009 |
||
| 300 | _ax, 318p. | ||
| 942 | _cBK | ||
| 999 |
_c2797 _d2797 |
||